[Event "Olomoucke sachove leto Open Olomouc"]
[Site "Olomouc"]
[Date "2015.08.20"]
[Round "7.5"]
[White "Trenner, Rolf"]
[Black "Karlik, Vladimir"]
[Result "0-1"]
[WhiteElo "2189"]
[BlackElo "2251"]
[PlyCount "104"]
[EventDate "2015.08.15"]

1. d4 Nf6 2. c4 d6 3. Nc3 g6 4. e4 Bg7 5. Be2 O-O 6. g4 c5 7. d5 e6 8. g5 Nfd7
9. dxe6 Nb6 10. exf7+ Rxf7 11. Be3 Nc6 12. Qd2 Qe7 13. O-O-O Bxc3 14. bxc3 Qxe4
15. f3 Qe7 16. Bf2 Ne5 17. Qxd6 Qxg5+ 18. Kb1 Bf5+ 19. Ka1 Rd7 20. Nh3 Bxh3 21.
Qxc5 Nf7 22. Qxg5 Nxg5 23. c5 Rxd1+ 24. Rxd1 Nd7 25. Bb5 Nf8 26. c6 bxc6 27.
Bxc6 Rc8 28. Bd5+ Be6 29. f4 Bxd5 30. Rxd5 Ne4 31. Bxa7 Nxc3 32. Ra5 Ra8 33.
Kb2 Ne2 34. a4 Nxf4 35. Kc3 Kf7 36. Bb6 Rxa5 37. Bxa5 Ke6 38. Kc4 Nd7 39. Bd2
Nd5 40. a5 Nc7 41. Bf4 Na6 42. Kb5 Nab8 43. a6 Nxa6 44. Kxa6 Kf5 45. Bh6 Ne5
46. Bf8 Kg4 47. Kb7 Nf3 48. Bd6 Kh3 49. Kc6 Nxh2 50. Kd5 Nf3 51. Ke6 g5 52. Kf5
h5 0-1

[Event "Olomoucke sachove leto Open Olomouc"]
[Site "Olomouc"]
[Date "2015.08.20"]
[Round "7.6"]
[White "Baasansuren, Erdene"]
[Black "Kratochvil, Vit"]
[Result "1/2-1/2"]
[WhiteElo "1923"]
[BlackElo "2217"]
[PlyCount "53"]
[EventDate "2015.08.15"]

1. d4 g6 2. c4 Bg7 3. Nf3 c5 4. d5 d6 5. g3 Nf6 6. Bg2 O-O 7. O-O Na6 8. Nc3
Nc7 9. e4 a6 10. a4 Rb8 11. Re1 b5 12. axb5 axb5 13. e5 Nfe8 14. b3 Bg4 15. Bf4
bxc4 16. bxc4 Rb4 17. Qd3 Bxf3 18. Bxf3 dxe5 19. Bxe5 Bxe5 20. Rxe5 Nd6 21.
Rae1 Re8 22. Qe2 Rxc4 23. Nd1 Rd4 24. Rxe7 Rxe7 25. Qxe7 Qxe7 26. Rxe7 Nxd5 27.
Re5 1/2-1/2

[Event "Olomoucke sachove leto Open Olomouc"]
[Site "Olomouc"]
[Date "2015.08.20"]
[Round "7.7"]
[White "Zhou, Guijue"]
[Black "Musil, Vitezslav"]
[Result "1-0"]
[WhiteElo "2207"]
[BlackElo "1949"]
[PlyCount "61"]
[EventDate "2015.08.15"]

1. e4 e5 2. Nf3 Nc6 3. Bc4 Be7 4. d3 Nf6 5. h3 O-O 6. a4 d5 7. exd5 Nxd5 8. O-O
Bf6 9. c3 Nb6 10. Bb5 a5 11. Bxc6 bxc6 12. Re1 Re8 13. Be3 Ba6 14. d4 e4 15.
Nfd2 Nd5 16. Nf1 Bxf1 17. Rxf1 Nxe3 18. fxe3 Bg5 19. Qe2 Rb8 20. Na3 Qd6 21.
Rf5 Qg3 22. Nc4 Ra8 23. Qf2 Qxf2+ 24. Kxf2 Bh6 25. Rxa5 Rxa5 26. Nxa5 f5 27.
Nxc6 f4 28. exf4 Bxf4 29. a5 Rf8 30. Ke2 Bg3 31. Rf1 1-0

[Event "Olomoucke sachove leto Open Olomouc"]
[Site "Olomouc"]
[Date "2015.08.20"]
[Round "7.8"]
[White "Havelka, Jan"]
[Black "Schmid, Thomas"]
[Result "1/2-1/2"]
[WhiteElo "2178"]
[BlackElo "2114"]
[PlyCount "65"]
[EventDate "2015.08.15"]

1. d4 Nf6 2. Nf3 g6 3. Bf4 Bg7 4. e3 O-O 5. Be2 d6 6. h3 c5 7. O-O Nbd7 8. c3
b6 9. Nbd2 Bb7 10. b4 cxd4 11. cxd4 Nd5 12. Qb3 Nxf4 13. exf4 a6 14. Rac1 Nf6
15. Rfd1 Qd7 16. Nc4 Nd5 17. Bf1 Rac8 18. g3 Rc7 19. Ncd2 Rfc8 20. Rxc7 Qxc7
21. Bc4 e6 22. a4 b5 23. axb5 axb5 24. Bf1 Qc3 25. Qxc3 Rxc3 26. Be2 Nxb4 27.
Rb1 Nc2 28. Rxb5 Ba6 29. Rb8+ Rc8 30. Rxc8+ Bxc8 31. Ne4 d5 32. Nd6 Bd7 33. Bb5
1/2-1/2

[Event "Olomoucke sachove leto Open Olomouc"]
[Site "Olomouc"]
[Date "2015.08.20"]
[Round "7.9"]
[White "Svancara, Petr"]
[Black "Gantsooj, Ganzorig"]
[Result "0-1"]
[WhiteElo "2069"]
[BlackElo "1800"]
[PlyCount "74"]
[EventDate "2015.08.15"]

1. e4 d6 2. d4 g6 3. f4 Bg7 4. Nf3 Nf6 5. Nc3 O-O 6. Be2 c5 7. dxc5 Qa5 8. Bd2
Qxc5 9. Bd3 Bg4 10. h3 Bxf3 11. Qxf3 Nfd7 12. Be3 Bxc3+ 13. bxc3 Qxc3+ 14. Kf2
Nc6 15. Kg3 e5 16. f5 Nc5 17. Rab1 Nd4 18. Bxd4 exd4 19. Kh2 Rae8 20. Rhf1 Qd2
21. Rbe1 Re5 22. fxg6 hxg6 23. Bc4 Ne6 24. Qd3 Qc3 25. Rb1 Nc5 26. Qxc3 dxc3
27. Rf3 Rxe4 28. Bd5 Rd4 29. Bb3 Ne4 30. Re1 Kg7 31. Rf4 f5 32. g4 Kf6 33. h4
Rd2+ 34. Kg1 Rd4 35. g5+ Ke5 36. Rf3 Rh8 37. Bf7 Rxh4 0-1

[Event "Olomoucke sachove leto Open Olomouc"]
[Site "Olomouc"]
[Date "2015.08.20"]
[Round "7.10"]
[White "Mulenko, Alexander"]
[Black "Ilandzis, Spyridon"]
[Result "1/2-1/2"]
[WhiteElo "2046"]
[BlackElo "2178"]
[PlyCount "80"]
[EventDate "2015.08.15"]

1. d4 Nf6 2. Nf3 c5 3. d5 e6 4. Nc3 exd5 5. Nxd5 Nxd5 6. Qxd5 Nc6 7. e4 Be7 8.
Bc4 O-O 9. O-O d6 10. Qh5 Be6 11. Bxe6 fxe6 12. Qg4 Qd7 13. Rd1 Rad8 14. h4 Bf6
15. c3 Qf7 16. Be3 b5 17. Rd2 Ne5 18. Nxe5 Bxe5 19. g3 h5 20. Qe2 Qg6 21. Bg5
Bf6 22. Bxf6 gxf6 23. Rad1 f5 24. Rxd6 Rxd6 25. Rxd6 fxe4 26. Qd2 Qf5 27. Rd8
a6 28. Rxf8+ Kxf8 29. Qd6+ Kf7 30. Qxa6 e3 31. Qb7+ Kf6 32. fxe3 Qb1+ 33. Kh2
Qxb2+ 34. Qg2 Qxc3 35. Qf1+ Kg6 36. Qxb5 Qxe3 37. Qe8+ Kg7 38. Qe7+ Kg6 39.
Qe8+ Kg7 40. Qe7+ Kg6 1/2-1/2

[Event "Olomoucke sachove leto Open senioru"]
[Site "Olomouc"]
[Date "2015.08.20"]
[Round "7.1"]
[White "Prachar, Josef"]
[Black "Vik, Joergen"]
[Result "1-0"]
[WhiteElo "1899"]
[BlackElo "1881"]
[PlyCount "105"]
[EventDate "2015.08.15"]

1. d4 d5 2. c4 c6 3. Nf3 Nf6 4. Nc3 e6 5. e3 Bd6 6. Bd3 Nbd7 7. O-O O-O 8. Qc2
h6 9. b3 b6 10. Bb2 Bb7 11. e4 dxe4 12. Nxe4 Nxe4 13. Bxe4 Nf6 14. Bd3 c5 15.
Ne5 Qc7 16. f4 cxd4 17. Bxd4 Bc5 18. Bf2 Rfd8 19. Rad1 Bxf2+ 20. Qxf2 Kf8 21.
Rfe1 Rd6 22. f5 Rad8 23. fxe6 Rxe6 24. Ng6+ Kg8 25. Rxe6 fxe6 26. Nf4 Qd6 27.
Bh7+ Nxh7 28. Rxd6 Rxd6 29. Qe2 Nf8 30. Nd3 Rd4 31. Nf2 Rd6 32. Ne4 Rd7 33. c5
Bxe4 34. Qxe4 bxc5 35. h3 Re7 36. Qc6 Kf7 37. Qxc5 Nd7 38. Qxa7 e5 39. Kf2 e4
40. Ke3 Nf6 41. Qc5 Rd7 42. a4 Kg6 43. b4 Rd5 44. Qc4 Rd3+ 45. Ke2 Rg3 46. Kf2
Rd3 47. a5 Rd2+ 48. Ke1 Rxg2 49. a6 Rg1+ 50. Kf2 Ra1 51. b5 Ra3 52. b6 Rxh3 53.
b7 1-0

[Event "Olomoucke sachove leto Open senioru"]
[Site "Olomouc"]
[Date "2015.08.20"]
[Round "7.2"]
[White "Kearsley, Raymond"]
[Black "Fiala, Jiri"]
[Result "0-1"]
[WhiteElo "1730"]
[BlackElo "1922"]
[PlyCount "92"]
[EventDate "2015.08.15"]

1. e4 c5 2. Nf3 e6 3. c3 d5 4. exd5 Qxd5 5. d4 Nf6 6. c4 Qd8 7. Nc3 cxd4 8.
Nxd4 a6 9. Be2 Be7 10. O-O O-O 11. Be3 Nbd7 12. Qc2 Qc7 13. a3 Bd6 14. g3 b6
15. Bf3 Bb7 16. Bxb7 Qxb7 17. Rad1 Be7 18. Qe2 Rac8 19. Rfe1 Rfe8 20. Bc1 Bf8
21. b3 b5 22. Bb2 bxc4 23. bxc4 Qc7 24. Ne4 Qxc4 25. Nxf6+ Nxf6 26. Qe5 Qd5 27.
Qe2 Qb7 28. Rc1 Rxc1 29. Rxc1 Rb8 30. Rc2 Rc8 31. Rd2 Ra8 32. Nf3 Qe7 33. Ne5
Qb7 34. Rc2 Rc8 35. Rd2 a5 36. Nc4 Qb5 37. Rc2 a4 38. Qd3 Qd5 39. Qe2 Qe4 40.
Qxe4 Nxe4 41. Ne3 Rxc2 42. Nxc2 Bc5 43. Nd4 Nd2 44. Nc2 Ne4 45. Nd4 e5 46. f3
Nd2 0-1

[Event "Olomoucke sachove leto Open senioru"]
[Site "Olomouc"]
[Date "2015.08.20"]
[Round "7.4"]
[White "Kolmas, Oldrich"]
[Black "Young, Mel"]
[Result "1/2-1/2"]
[WhiteElo "1949"]
[BlackElo "1893"]
[PlyCount "49"]
[EventDate "2015.08.15"]

1. e4 c5 2. Nf3 d6 3. Bb5+ Nc6 4. O-O Bd7 5. Nc3 e6 6. d4 cxd4 7. Nxd4 Be7 8.
Nxc6 bxc6 9. Bd3 Nf6 10. b3 O-O 11. Bb2 e5 12. f4 Qb6+ 13. Kh1 Ng4 14. Qf3 exf4
15. Qxf4 Qc5 16. Ne2 Qg5 17. Qxg5 Bxg5 18. h3 Ne5 19. Bxe5 dxe5 20. Bc4 Rad8
21. Rad1 Bc8 22. Rxd8 Bxd8 23. Nc1 Bf6 24. Nd3 Rd8 25. a4 1/2-1/2

[Event "Olomoucke sachove leto Open senioru"]
[Site "Olomouc"]
[Date "2015.08.20"]
[Round "7.6"]
[White "Zdrazil, Bohumir"]
[Black "Doossche, Carlo"]
[Result "1-0"]
[WhiteElo "1933"]
[BlackElo "1737"]
[PlyCount "60"]
[EventDate "2015.08.15"]

1. d4 Nf6 2. c4 e6 3. Nc3 Bb4 4. e3 O-O 5. Bd3 c5 6. Nge2 d5 7. O-O Nc6 8. a3
cxd4 9. exd4 dxc4 10. Bxc4 Be7 11. Bf4 Bd6 12. Bxd6 Qxd6 13. Nb5 Qd8 14. Qd3 a6
15. Nbc3 b5 16. Ba2 Bb7 17. Ne4 Nxe4 18. Qxe4 Na5 19. Qd3 Rc8 20. Rac1 Nc4 21.
Bb1 g6 22. b4 Qg5 23. f3 Rfd8 24. Rc3 Nd2 25. Rxc8 Rxc8 26. Rf2 Nxf3+ 27. Rxf3
Bxf3 28. Qxf3 Qd2 29. Kf2 Qb2 30. Be4 Rc3 1-0

[Event "Olomoucke sachove leto Open senioru"]
[Site "Olomouc"]
[Date "2015.08.20"]
[Round "7.8"]
[White "Fiser, Milos"]
[Black "Malinovsky, Leo"]
[Result "1/2-1/2"]
[WhiteElo "1801"]
[BlackElo "1732"]
[PlyCount "63"]
[EventDate "2015.08.15"]

1. d4 Nf6 2. c4 e6 3. a3 d5 4. e3 c5 5. Nf3 Nc6 6. Nc3 dxc4 7. Bxc4 cxd4 8. Nb5
Bc5 9. b4 Bb6 10. Nbxd4 Nxd4 11. exd4 h6 12. Bb2 Nd5 13. O-O O-O 14. Rc1 a6 15.
Qd3 Ba7 16. Ba2 Nf6 17. Rfd1 b5 18. Ne5 Bb7 19. Qg3 Bd5 20. Bb1 Be4 21. Bd3
Bxd3 22. Qxd3 Nd5 23. Qg3 Rc8 24. Rc6 Rxc6 25. Nxc6 Qd7 26. Nxa7 Qxa7 27. Bc1
Kh8 28. Qh4 Kh7 29. Qe4+ Kg8 30. Qg4 Kh7 31. h4 Rc8 32. Qe2 1/2-1/2

[Event "Olomoucke sachove leto GM1"]
[Site "Olomouc"]
[Date "2015.08.21"]
[Round "8.1"]
[White "Repka, Christopher"]
[Black "Marek, Matyas"]
[Result "1-0"]
[WhiteElo "2450"]
[BlackElo "2344"]
[PlyCount "73"]
[EventDate "2015.??.??"]

1. d4 d5 2. Nf3 Nf6 3. c4 e6 4. Nc3 c6 5. Bg5 h6 6. Bh4 dxc4 7. e4 g5 8. Bg3 b5
9. e5 Nd5 10. Nd2 Bb7 11. Be2 Nd7 12. O-O Qb6 13. a4 a6 14. Nde4 O-O-O 15. Qd2
c5 16. axb5 axb5 17. Nxd5 exd5 18. dxc5 Bxc5 19. Nxc5 Nxc5 20. Qb4 Bc6 21. Ra3
Kb7 22. Rfa1 Ra8 23. e6 fxe6 24. Be5 Rxa3 25. Rxa3 Rc8 26. Bd4 Bd7 27. Rf3 Na6
28. Qd2 Qd6 29. Rf7 e5 30. Bc3 b4 31. Bxe5 Qxe5 32. Rxd7+ Nc7 33. Qxb4+ Kc6 34.
Qa4+ Nb5 35. Rf7 Kc5 36. b4+ Kd4 37. Qd1+ 1-0

[Event "Olomoucke sachove leto GM1"]
[Site "Olomouc"]
[Date "2015.08.21"]
[Round "8.3"]
[White "Rasik, Vitezslav"]
[Black "Simacek, Pavel"]
[Result "0-1"]
[WhiteElo "2446"]
[BlackElo "2461"]
[PlyCount "152"]
[EventDate "2015.??.??"]

1. e4 c5 2. Nf3 g6 3. c3 Bg7 4. d4 cxd4 5. cxd4 d5 6. e5 Nc6 7. Bb5 Bd7 8. Nc3
a6 9. Ba4 b5 10. Bb3 e6 11. O-O f6 12. exf6 Nxf6 13. Re1 O-O 14. Ne5 b4 15.
Nxc6 Bxc6 16. Ne2 Qb6 17. Bf4 Ne4 18. Be3 Bb5 19. f3 Nd6 20. Ng3 a5 21. Bf2 a4
22. Bc2 Nc4 23. Rb1 Rfc8 24. Ne2 a3 25. b3 Nb2 26. Qd2 Rc6 27. Nf4 Bh6 28. Be3
Rac8 29. Rbc1 Rc3 30. Nxd5 Bxe3+ 31. Nxe3 Bd3 32. Bxd3 Qxd4 33. Kh1 Qxd3 34.
Rxc3 bxc3 35. Qc2 Qd2 36. Re2 Qd4 37. h3 Nd3 38. Nc4 Nb4 39. Qc1 c2 40. Kh2 Qc3
41. Nxa3 Qd3 42. Rd2 Qxd2 43. Qxd2 c1=Q 44. Qxb4 Qc7+ 45. Kh1 Rd8 46. Qe1 Qd6
47. Nc4 Qd1 48. Qxd1 Rxd1+ 49. Kh2 Ra1 50. a3 Rb1 51. Na5 Kg7 52. Kg3 Rb2 53.
f4 h5 54. Kf3 h4 55. b4 Rc2 56. Nb7 Ra2 57. b5 Rxa3+ 58. Kg4 Rg3+ 59. Kxh4 Rxg2
60. Nc5 Rb2 61. Nxe6+ Kf6 62. Nc7 Kf5 63. Nd5 Rxb5 64. Ne7+ Kf6 65. Nc6 Rb6 66.
Ne5 Kf5 67. Nc4 Rb3 68. Ne3+ Kxf4 69. Nd5+ Ke5 70. Ne7 Kf6 71. Ng8+ Kg7 72. Ne7
Rb5 73. Nc8 Kf6 74. Nd6 Rb4+ 75. Kg3 Ke7 76. Nc8+ Kd7 0-1

[Event "Olomoucke sachove leto GM1"]
[Site "Olomouc"]
[Date "2015.08.21"]
[Round "8.4"]
[White "Ioannidis, Evgenios"]
[Black "Ivanov, Mikhail M"]
[Result "1/2-1/2"]
[WhiteElo "2362"]
[BlackElo "2408"]
[PlyCount "118"]
[EventDate "2015.??.??"]

1. e4 g6 2. Nf3 Bg7 3. Bc4 c6 4. e5 b5 5. Be2 d6 6. exd6 Qxd6 7. d4 Nf6 8. O-O
Nbd7 9. a4 b4 10. a5 O-O 11. g3 c5 12. Bf4 Qc6 13. c4 bxc3 14. Nxc3 Ba6 15. d5
Qb7 16. Bxa6 Qxa6 17. Re1 Rfe8 18. Qe2 Qb7 19. a6 Qb6 20. Ne5 Nxe5 21. Bxe5 Nd7
22. Bxg7 Kxg7 23. Qb5 Qd8 24. Qc4 Rb8 25. Ne4 Qb6 26. Qc3+ Kg8 27. Re2 Qb5 28.
Rae1 Rb6 29. d6 e6 30. Rd2 Rxa6 31. Rc1 Rd8 32. Ng5 Ra4 33. Qf3 Rf8 34. Rdc2
Rd4 35. Ne4 Qd3 36. Qxd3 Rxd3 37. Ra1 Ra8 38. Ra6 Rd5 39. Rc6 Rd8 40. Rc7 Kg7
41. Rxa7 Nf6 42. Nxf6 Kxf6 43. Rc7 R8xd6 44. R2xc5 Rxc5 45. Rxc5 Rb6 46. Rc2 g5
47. Kg2 Rb3 48. Rd2 h5 49. Rd8 Kg7 50. Rd2 e5 51. h3 Kg6 52. g4 h4 53. Rc2 e4
54. Rc4 e3 55. Rc2 f5 56. gxf5+ Kxf5 57. fxe3 Rxe3 58. Rc5+ Kf6 59. Rc6+ Ke5
1/2-1/2

[Event "Olomoucke sachove leto GM1"]
[Site "Olomouc"]
[Date "2015.08.21"]
[Round "8.5"]
[White "Yagupov, Igor"]
[Black "Plat, Vojtech"]
[Result "0-1"]
[WhiteElo "2348"]
[BlackElo "2458"]
[PlyCount "108"]
[EventDate "2015.??.??"]

1. e4 e5 2. Nf3 Nc6 3. d4 exd4 4. Nxd4 Nf6 5. Nxc6 bxc6 6. e5 Qe7 7. Qe2 Nd5 8.
c4 Ba6 9. Nd2 O-O-O 10. Qe4 Nb6 11. b3 d5 12. cxd5 Bxf1 13. Kxf1 Rxd5 14. Nf3
Rd1+ 15. Ne1 Qb4 16. Qe2 Rd5 17. Nf3 Bc5 18. g3 Re8 19. Kg2 f6 20. Bb2 fxe5 21.
Bxe5 Kb7 22. Rad1 g5 23. Rxd5 Nxd5 24. h3 h5 25. Rc1 g4 26. hxg4 hxg4 27. Nd2
Bxf2 28. Rc4 Qb6 29. Qxf2 Rxe5 30. Re4 Ne3+ 31. Kg1 Rxe4 32. Nxe4 Qd4 33. Nf6
Qa1+ 34. Kh2 Nd1 35. Qf4 Qxa2+ 36. Kg1 Qxb3 37. Nxg4 a5 38. Ne5 Ne3 39. Kf2 Nd5
40. Qd2 a4 41. Nd7 Qb5 42. Qd4 a3 43. Nc5+ Ka8 44. Kf3 a2 45. Kf2 Qb4 46. Qxb4
Nxb4 47. Nb3 Nc2 48. g4 c5 49. g5 c4 50. g6 cxb3 51. g7 a1=Q 52. g8=Q+ Ka7 53.
Qxb3 Qd4+ 54. Kg2 Qd5+ 0-1

[Event "Olomoucke sachove leto GM2"]
[Site "Olomouc"]
[Date "2015.08.21"]
[Round "8.2"]
[White "Kourousis, Epaminondas"]
[Black "Rydl, Jiri"]
[Result "1-0"]
[WhiteElo "2421"]
[BlackElo "2419"]
[PlyCount "71"]
[EventDate "2015.??.??"]

1. d4 d5 2. c4 c6 3. Nf3 Nf6 4. Qc2 g6 5. Bf4 Bf5 6. Qb3 Qb6 7. c5 Qxb3 8. axb3
Bxb1 9. Rxb1 Nbd7 10. h3 Bg7 11. e3 O-O 12. b4 a6 13. Bh2 Rfe8 14. Bd3 Ne4 15.
Bxe4 dxe4 16. Nd2 e5 17. dxe5 Nxe5 18. Bxe5 Rxe5 19. Nc4 Ree8 20. Rd1 Rad8 21.
Ke2 Rd5 22. Rd2 Rxd2+ 23. Kxd2 Be5 24. Kc2 Bc7 25. Rd1 Re7 26. g4 Kg7 27. Nd6
Kf6 28. Nxb7 Kg5 29. Nd8 Kh4 30. Nxc6 Re6 31. Nd4 Rf6 32. Rd2 h5 33. Kc3 Be5
34. Kc4 Bxd4 35. exd4 Kxh3 36. gxh5 1-0

[Event "Olomoucke sachove leto GM2"]
[Site "Olomouc"]
[Date "2015.08.21"]
[Round "8.3"]
[White "Neuman, Petr"]
[Black "Plischki, Sebastian"]
[Result "0-1"]
[WhiteElo "2464"]
[BlackElo "2393"]
[PlyCount "96"]
[EventDate "2015.??.??"]

1. d4 Nf6 2. c4 e6 3. Nc3 Bb4 4. Qc2 O-O 5. a3 Bxc3+ 6. Qxc3 Qe8 7. f3 d5 8.
Bg5 Nbd7 9. e3 h6 10. Bh4 b6 11. cxd5 Nxd5 12. Qd2 Bb7 13. e4 Ne7 14. Bc4 c5
15. Ne2 cxd4 16. Nxd4 Ng6 17. Bf2 Nde5 18. Be2 Qe7 19. O-O Rfd8 20. Rfd1 Rac8
21. Rac1 Rxc1 22. Qxc1 Rc8 23. Qe3 Nc4 24. Qb3 Nge5 25. Bf1 Ba6 26. Qb4 Qxb4
27. axb4 Bb7 28. b3 Nb2 29. Rd2 Ned3 30. Rxd3 Nxd3 31. Bxd3 Rc1+ 32. Bf1 e5 33.
Ne2 Rb1 34. b5 Rxb3 35. Nc1 Rb1 36. Be3 Bc8 37. Na2 Rb3 38. Bf2 Bd7 39. Bg3
Bxb5 40. Bxb5 Rxb5 41. Nc3 Rc5 42. Nd5 f6 43. Kf1 Kf7 44. Be1 Rb5 45. Ke2 Rb2+
46. Bd2 Rb1 47. Be3 Ke6 48. g4 Rh1 0-1

[Event "Olomoucke sachove leto GM2"]
[Site "Olomouc"]
[Date "2015.08.21"]
[Round "8.4"]
[White "Teske, Henrik"]
[Black "Camarena Gimenez, Rufino"]
[Result "0-1"]
[WhiteElo "2475"]
[BlackElo "2378"]
[PlyCount "106"]
[EventDate "2015.??.??"]

1. e4 e6 2. d4 d5 3. Nd2 c5 4. exd5 exd5 5. Ngf3 Nc6 6. Be2 Bd6 7. dxc5 Bxc5 8.
Nb3 Bb6 9. Nfd4 Nf6 10. Bf4 O-O 11. O-O Re8 12. Bf3 Ne4 13. c3 Qf6 14. Bg3 Bd7
15. Bxe4 dxe4 16. Nb5 Bf5 17. Nc7 Bxc7 18. Bxc7 Ne5 19. Qd4 Nd3 20. Qxf6 gxf6
21. Nd4 Be6 22. Rfb1 Rac8 23. Bd6 Rcd8 24. Ba3 a6 25. Rd1 f5 26. Rd2 f4 27. Re2
f5 28. b3 Kf7 29. f3 Bc8 30. Rd1 h5 31. Bc1 Rd6 32. Kf1 b5 33. Red2 b4 34. Ne2
bxc3 35. Nxc3 a5 36. Nb5 Rc6 37. Bb2 Ba6 38. a4 Bxb5 39. axb5 Rb6 40. Bc3 Rxb5
41. Ra1 Rc8 42. Bd4 Rxb3 43. Rda2 Rb4 44. Bf2 a4 45. Be1 Rbc4 46. fxe4 fxe4 47.
Rxa4 Ke6 48. Bd2 Rxa4 49. Rxa4 Kf5 50. Ra5+ Rc5 51. Ke2 Rxa5 52. Bxa5 Ne5 53.
h3 e3 0-1

[Event "Olomoucke sachove leto GM2"]
[Site "Olomouc"]
[Date "2015.08.21"]
[Round "8.5"]
[White "Cernousek, Lukas"]
[Black "Sergeev, Vladimir"]
[Result "1-0"]
[WhiteElo "2458"]
[BlackElo "2452"]
[PlyCount "75"]
[EventDate "2015.??.??"]

1. d4 Nf6 2. c4 d6 3. Nf3 Nbd7 4. Nc3 c6 5. g3 e5 6. e4 Be7 7. Bg2 O-O 8. O-O
a6 9. a4 a5 10. h3 Re8 11. Be3 exd4 12. Nxd4 Nc5 13. Qc2 Bf8 14. Rad1 Qc7 15.
g4 h5 16. g5 Nfd7 17. b3 g6 18. f4 Na6 19. Nf3 Nac5 20. Nh4 Qb6 21. f5 Ne5 22.
Rb1 Qc7 23. Ne2 Qe7 24. Ng3 b5 25. cxb5 cxb5 26. fxg6 fxg6 27. Rf6 Qh7 28. Nxg6
Bg7 29. Rxd6 Nb7 30. Nxe5 Nxd6 31. g6 Qh8 32. Nf7 Nxf7 33. gxf7+ Kxf7 34. e5
Ra6 35. axb5 Rae6 36. Bd5 Kg8 37. Qg6 Bd7 38. Nxh5 1-0

[Event "Olomoucke sachove leto IM"]
[Site "Olomouc"]
[Date "2015.08.21"]
[Round "8.1"]
[White "Zhylkaidarova, Sholpan"]
[Black "Malik, Jan"]
[Result "0-1"]
[WhiteElo "2145"]
[BlackElo "2305"]
[PlyCount "110"]
[EventDate "2015.??.??"]

1. d4 d5 2. c4 c6 3. Nf3 Nf6 4. Nc3 a6 5. e3 e6 6. b3 c5 7. Bb2 Nc6 8. Be2 Bd6
9. O-O O-O 10. dxc5 Bxc5 11. Rc1 Ba7 12. Qc2 dxc4 13. Bxc4 b5 14. Rfd1 Qe7 15.
Bf1 Bb7 16. a4 b4 17. Ne2 Rac8 18. Qb1 Na5 19. Ned4 Nd5 20. Ne5 Bb8 21. Nc4
Nxc4 22. Bxc4 Nxe3 23. fxe3 Qh4 24. Nf3 Bxf3 25. gxf3 Qxh2+ 26. Kf1 Qh3+ 27.
Ke2 Qg2+ 28. Kd3 Rfd8+ 29. Bd4 e5 30. Rf1 exd4 31. e4 Qg5 32. Rce1 Rc6 33. Qd1
Rh6 34. Rg1 Qe5 35. Rg2 Rh3 36. Rf1 Qf4 37. Qe2 a5 38. Qf2 Ba7 39. Qe2 Kh8 40.
Kc2 Qe5 41. Qd3 Qf4 42. Kb1 Bb8 43. Bd5 Be5 44. Rc2 h5 45. Rc5 Rh2 46. Bxf7
Qxf7 47. Rxe5 Rc8 48. Rd5 Rc3 49. Qb5 Rxb3+ 50. Ka1 Ra3+ 51. Kb1 Raa2 52. Qb8+
Kh7 53. Rg1 d3 54. Rxd3 Rhb2+ 55. Kc1 Qc4+ 0-1

[Event "Olomoucke sachove leto IM"]
[Site "Olomouc"]
[Date "2015.08.21"]
[Round "8.2"]
[White "Bures, Jaroslav"]
[Black "Soural, Jan"]
[Result "1-0"]
[WhiteElo "2384"]
[BlackElo "2215"]
[PlyCount "27"]
[EventDate "2015.??.??"]

1. d4 Nf6 2. c4 g6 3. Nc3 Bg7 4. e4 O-O 5. Nf3 d6 6. Be2 e5 7. O-O Nh5 8. dxe5
dxe5 9. Qxd8 Rxd8 10. Bg5 Re8 11. Nd5 Na6 12. c5 c6 13. Bxa6 bxa6 14. Nc7 1-0

[Event "Olomoucke sachove leto IM"]
[Site "Olomouc"]
[Date "2015.08.21"]
[Round "8.3"]
[White "Kozusek, Daniel"]
[Black "Jurek, Josef"]
[Result "1-0"]
[WhiteElo "2347"]
[BlackElo "2285"]
[PlyCount "187"]
[EventDate "2015.??.??"]

1. Nf3 Nf6 2. d4 e6 3. g3 b6 4. Bg2 Bb7 5. c4 Be7 6. Nc3 Ne4 7. Qc2 Nxc3 8.
Qxc3 O-O 9. O-O Be4 10. Rd1 d5 11. Bf4 Nc6 12. a3 a5 13. Rac1 a4 14. cxd5 Qxd5
15. Ne1 Bxg2 16. Nxg2 Na5 17. Qxc7 Bf6 18. Be5 Nb3 19. Ne3 Qe4 20. Rc4 b5 21.
Rb4 Rac8 22. Qb6 Bxe5 23. dxe5 Qxe5 24. Qxb5 Qxb2 25. Qxa4 Nc5 26. Rxb2 Nxa4
27. Rb3 g6 28. Kf1 Rc7 29. Rd4 Ra8 30. Rc4 Rxc4 31. Nxc4 Rc8 32. Rb4 Nc3 33.
Nb6 Rd8 34. Rb2 Rd1+ 35. Kg2 Ra1 36. Nc4 Kg7 37. h4 h6 38. Kf3 Rf1 39. e4 Rc1
40. Ne3 Ra1 41. Rb3 Na4 42. e5 Ra2 43. Nc4 Nc5 44. Rb2 Ra1 45. Rb5 Nd7 46. Ke3
Rc1 47. Nd6 Re1+ 48. Kd2 Rxe5 49. Rxe5 Nxe5 50. a4 Kf8 51. Kc3 Ke7 52. Nb5 Kd7
53. a5 Kc6 54. a6 Nd7 55. a7 Nb6 56. Kb4 e5 57. Ka5 Na8 58. Ka6 f5 59. f4 e4
60. h5 gxh5 61. Nd4+ Kc7 62. Nxf5 Kc8 63. Nd6+ Kc7 64. Nxe4 Kc6 65. Nf6 Nc7+
66. Ka5 Kb7 67. Nxh5 Kxa7 68. Kb4 Kb6 69. Kc4 Kc6 70. Kd4 Kd6 71. Ng7 Ke7 72.
Nf5+ Kf6 73. Nxh6 Ne6+ 74. Ke4 Nc5+ 75. Kf3 Kg6 76. Ng4 Nb3 77. Ne5+ Kf6 78. g4
Nd2+ 79. Kg3 Nf1+ 80. Kh4 Ne3 81. Kh5 Nd5 82. Nd3 Ne3 83. Nc5 Nd5 84. Ne4+ Ke6
85. Kg5 Nc7 86. Nd2 Nb5 87. Nf3 Nd6 88. Kg6 Ne4 89. f5+ Ke7 90. Kg7 Nf6 91. Ne5
Ne4 92. Ng6+ Kd6 93. f6 Ng5 94. f7 1-0

[Event "Olomoucke sachove leto IM"]
[Site "Olomouc"]
[Date "2015.08.21"]
[Round "8.4"]
[White "Shevchenko, Kirill"]
[Black "Paszewski, Mateusz"]
[Result "1/2-1/2"]
[WhiteElo "2265"]
[BlackElo "2292"]
[PlyCount "35"]
[EventDate "2015.??.??"]

1. e4 c5 2. Nf3 Nc6 3. d4 cxd4 4. Nxd4 g6 5. Nc3 Bg7 6. Be3 Nf6 7. Bc4 O-O 8.
Bb3 a5 9. O-O d6 10. h3 Nxd4 11. Bxd4 Bd7 12. a4 Bc6 13. Re1 e5 14. Be3 Nxe4
15. Nxe4 Bxe4 16. Bd5 Bxd5 17. Qxd5 Qc7 18. c3 1/2-1/2

[Event "Olomoucke sachove leto IM"]
[Site "Olomouc"]
[Date "2015.08.21"]
[Round "8.5"]
[White "Biolek, Richard"]
[Black "Ovchinnikov, Vsevolod"]
[Result "1-0"]
[WhiteElo "2447"]
[BlackElo "2224"]
[PlyCount "105"]
[EventDate "2015.??.??"]

1. d4 Nf6 2. c4 g6 3. Nc3 d5 4. Nf3 Bg7 5. Bf4 O-O 6. Rc1 Be6 7. cxd5 Nxd5 8.
Nxd5 Qxd5 9. b3 c6 10. e3 Nd7 11. Qd2 Bg4 12. Be2 e5 13. dxe5 Bxf3 14. Bxf3
Qxd2+ 15. Kxd2 Nxe5 16. Be2 Rad8+ 17. Kc2 Rd7 18. Rhd1 Rfd8 19. Rxd7 Rxd7 20.
e4 c5 21. Kb1 b6 22. Be3 Nd3 23. Rd1 Ne5 24. Rxd7 Nxd7 25. Bb5 Ne5 26. h3 f6
27. Kc2 Bf8 28. f4 Nf7 29. Bc4 Bd6 30. Kd3 Bb8 31. a4 Kf8 32. Bxf7 Kxf7 33. f5
Ke7 34. Kc4 Kd7 35. Kd5 Be5 36. g4 Bg3 37. Bd2 Be5 38. fxg6 hxg6 39. h4 Ke7 40.
h5 gxh5 41. gxh5 Kf7 42. Be3 Kg7 43. Bc1 Kf7 44. Kc6 Ke6 45. Kb7 Bd4 46. Bf4 f5
47. exf5+ Kxf5 48. Bb8 a5 49. Kc6 Kg5 50. Bc7 Kxh5 51. Bxb6 Bc3 52. Kb5 Kg6 53.
Bxa5 1-0

[Event "Olomoucke sachove leto Open Olomouc"]
[Site "Olomouc"]
[Date "2015.08.21"]
[Round "8.1"]
[White "Klima, Lukas"]
[Black "Krejci, Jan"]
[Result "0-1"]
[WhiteElo "2339"]
[BlackElo "2506"]
[PlyCount "74"]
[EventDate "2015.08.15"]

1. e4 c5 2. Nf3 e6 3. d4 cxd4 4. Nxd4 Nc6 5. Nc3 Qc7 6. Be2 a6 7. Be3 Nf6 8.
O-O Bb4 9. Na4 O-O 10. Nxc6 bxc6 11. Nb6 Rb8 12. Nxc8 Rfxc8 13. Bxa6 Rf8 14.
Bd3 Bd6 15. g3 Be5 16. c3 Rxb2 17. Qc1 Qb7 18. Rb1 Rxb1 19. Bxb1 d5 20. Bc5 Rc8
21. Re1 Qb5 22. Be7 Nxe4 23. Bxe4 dxe4 24. Rxe4 Ra8 25. c4 Qb8 26. a3 g6 27.
Re1 Bd4 28. c5 Qa7 29. Bd6 Qxa3 30. Qxa3 Rxa3 31. Re4 Ra1+ 32. Kg2 Rd1 33. Re2
g5 34. Ra2 Ra1 35. Re2 h6 36. Rd2 Ra4 37. Rd3 Rc4 0-1

[Event "Olomoucke sachove leto Open Olomouc"]
[Site "Olomouc"]
[Date "2015.08.21"]
[Round "8.2"]
[White "Studnicka, Tomas"]
[Black "Karlik, Vladimir"]
[Result "1/2-1/2"]
[WhiteElo "2383"]
[BlackElo "2251"]
[PlyCount "35"]
[EventDate "2015.08.15"]

1. d4 d6 2. Nf3 Nf6 3. c4 Bf5 4. Nc3 g6 5. g3 Bg7 6. Bg2 O-O 7. Qb3 Nc6 8. d5
Na5 9. Qa4 c5 10. Nd2 a6 11. Qd1 b5 12. cxb5 axb5 13. Nxb5 Qd7 14. Nc3 Bh3 15.
O-O Bxg2 16. Kxg2 Qb7 17. Nf3 Nb3 18. Rb1 1/2-1/2